| 000 | 01231nam a2200493Ia 4500 | ||
|---|---|---|---|
| 001 | 4032 | ||
| 005 | 20240113233708.0 | ||
| 007 | ta | ||
| 008 | 050607s1995 a g b000 u eng u | ||
| 020 | _cRs 50.00 (PB) | ||
| 040 | _aCotton College,Assam | ||
| 041 | _aeng | ||
| 082 |
_a531.1 _bLo 84 El |
||
| 082 |
_a531.3 _bL 848 El |
||
| 100 | _aLoney, S.L. . | ||
| 245 | 0 |
_aAn Elementary Treatise on the Dynamics of a Particle and of Rigid Bodies / _cS.L. Loney. _hTextual Documents |
|
| 250 | _a1st ed. / | ||
| 260 |
_aDelhi : _bA.I.T.B.S. Publishers & Distributers , _c1995. |
||
| 300 |
_avi, 384p. : _bill. ; _c22cm . |
||
| 365 | _aRs 50.00 | ||
| 653 | _aPhysics-Dynamics | ||
| 653 | _aDynamics | ||
| 653 | _aPG-Mathematics | ||
| 653 | _aG-Mathematics | ||
| 653 | _aG-Physics | ||
| 653 | _aT/G Physics | ||
| 653 | _aT/G-Physics | ||
| 942 |
_2ddc _cBK |
||
| 999 |
_c4020 _d4020 |
||